000 00795nam a2200265 i 4500
001 C2-0108095
003 PPAK
005 20180727102325.0
008 970615s1988 my a|||| ||||| | may d
020 _a9679959201
040 _aPPAK
_beng
_cPPAK
_erda
082 0 4 _a621.319
_223
090 0 0 _a621.319
_bDUN
_dG
100 1 _aDuncan, C.,
_eauthor
245 1 0 _aSistem bekalan elektrik dan pengagihan
264 1 _aKuala Lumpur :
_bGolden Books ,
_c1988
300 _a60 pages :
_billustrations ;
_c30 cm
336 _2rdacontent
_atext
337 _2rdamedia
_aunmediated
338 _2rdacarrier
_avolume
500 _aJudul asal : Systems of electrical supply and distribution
650 1 0 _aElectric power systems ; Electric power transmission
700 _eauthor
942 _ddc
_cB
999 _c26472
_d26472